Statistics for Polyatomic Ions

Click here to take the quiz!

General Stats

  • This quiz has been taken 37 times
  • The average score is 16 of 24

Answer Stats

HintChargeAnswer% Correct
Ammonium+1NH4
93%
Nitrite-1NO2
93%
Cyanide-1CN
86%
Nitrate-1NO3
86%
Bromate-1BrO3
79%
Hydroxide-1OH
79%
Phosphate-3PO4
79%
Sulfite-2SO3
79%
Sulfate-2SO4
79%
Chlorite-1ClO2
71%
Perchlorate-1ClO4
71%
Carbonate-2CO3
71%
Permanganate-1MnO4
71%
Hypochlorite-1ClO
64%
Chlorate-1ClO3
64%
Dichromate-2Cr2O7
57%
Acetate-1CH3COO
50%
Hydrogen Phosphate-2HPO4
50%
Arsenate-3AsO4
43%
Hydronium+1H3O
43%
Bicarbonate-1HCO3
43%
Peroxide-2O2
43%
Thiocyanate-1SCN
43%
Oxalate-2C2O4
29%

Score Distribution

Percentile by Number Answered

Percent of People with Each Score

Your Score History

You have not taken this quiz